000 01080cam a2200325 i 4500
003 EG-GICUC
005 20260121110644.0
008 870408s1987 nyu frb 001 0 eng d
020 _a0720118735
040 _aDLC
_cDLC
_dDLC
_dEG-GICUC
_beng
_erda
050 0 0 _aK3236
_b.A53 1987b
082 0 0 _a341.48
_221
092 0 4 _221
099 _aLaw 11 1987
100 1 _aAndrews, John A.
245 1 0 _aKeyguide to information sources on the international protection of human rights /
_cJ.A. Andrews and W.D. Hines.
264 _aNew York, N.Y. :
_bFacts on File Publications,
_c1987.
300 _axiii, 169 pages ;
_c24 cm.
336 _atext
_2rdacontent
337 _aComputer
_2rdamedia
338 _aOnline Resource
_2rdacarrier
500 _aIncludes index.
650 0 _aHuman rights
_xBibliography.
650 0 _aInternational Law
700 1 _aHines, W. D.,
_q(William Donald)
_ejoint author.
740 0 _aInternational protection of human rights.
856 4 0 _uhttps://fll.law.cu.edu.eg/fulltext/bks/ENGB11-00080.pdf
905 _a10
942 _2ddc
_cBK
_e21
_n0
999 _c58335
_d58335